[Event "BLR-chT U18"]
[Site "Gomel"]
[Date "2024.03.04"]
[Round "5.3"]
[White "Kozhedub, Ivan"]
[Black "Shustsikau, Pavel"]
[Result "0-1"]
[WhiteElo "2000"]
[BlackElo "2000"]
[PlyCount "76"]
[EventDate "2024.03.01"]
[EventType "tourn"]
[EventRounds "7"]
[EventCountry "BLR"]
[SourceTitle "CB11_2024"]
[SourceDate "2024.03.13"]
[SourceVersion "1"]
[SourceVersionDate "2024.03.13"]
[SourceQuality "1"]

1. e4 e6 2. d4 d5 3. Nd2 dxe4 4. Nxe4 Nd7 5. Nf3 Ngf6 6. Nxf6+ Nxf6 7. Bd3 c5 8. dxc5 Bxc5 9. 0-0 0-0 10. Bg5 b6 11. Qe2 Bb7 12. Rad1 Qc7 13. Ne5 Rfd8 14. Rfe1 Bd4 15. Bxf6 gxf6 16. Qg4+ Kf8 17. Nf3 Bxf3 18. Qxf3 Bxb2 19. Qh5 Bc3 20. Re3 Ke7 21. h3 Rac8 22. Rb1 Qc5 23. Qf3 Qd5 24. Be4 Qxa2 25. Rf1 Qa5 26. Bxh7 b5 27. Rb1 b4 28. Bd3 Qd5 29. Be4 Qa2 30. Rf1 a5 31. Bd3 Qd5 32. Be4 Qc5 33. Bd3 a4 34. Qb7+ Rc7 35. Qa6 a3 36. Qa4 Ra7 37. Qb3 a2 38. Bc4 Ra3 0-1

[Event "BLR-ch sf"]
[Site "Minsk"]
[Date "2023.12.14"]
[Round "8"]
[White "Kholiusev, Mikhail"]
[Black "Shustsikau, Pavel"]
[Result "1/2-1/2"]
[WhiteElo "1490"]
[BlackElo "1544"]
[PlyCount "129"]
[EventDate "2023.12.07"]
[EventType "swiss"]
[EventRounds "9"]
[EventCountry "BLR"]
[SourceTitle "CB51_2023"]
[SourceDate "2023.12.20"]
[SourceVersion "1"]
[SourceVersionDate "2023.12.20"]
[SourceQuality "1"]

1. e4 e6 2. d4 d5 3. Nc3 dxe4 4. Nxe4 Nd7 5. g3 Ngf6 6. Nxf6+ Nxf6 7. Bg2 e5 8. Nf3 exd4 9. Qxd4 Be7 10. Qxd8+ Bxd8 11. 0-0 0-0 12. b3 c6 13. Bb2 Bb6 14. Nd2 Nd5 15. Nc4 Bc5 16. Ne5 Bf5 17. c4 Nb4 18. Rad1 Nxa2 19. Nd7 Bxd7 20. Rxd7 Rad8 21. Rxb7 Rd2 22. Be5 Re8 23. Bh3 Red8 24. Bc7 Rf8 25. Bb8 a6 26. Ba7 Bxa7 27. Rxa7 Nb4 28. Rb7 a5 29. Ra1 Ra2 30. Rxa2 Nxa2 31. Bd7 c5 32. Ra7 Nc1 33. Rxa5 Nxb3 34. Rb5 Nd2 35. Rxc5 Rd8 36. Bb5 Kf8 37. Rc7 Nf3+ 38. Kg2 Nd4 39. Bc6 Nxc6 40. Rxc6 Rd2 41. Rc7 Rc2 42. c5 h5 43. h4 g6 44. c6 Ke8 45. Rc8+ Ke7 46. c7 Kd6 47. Rd8+ Kxc7 48. Rf8 Kd7 49. Rxf7+ Ke6 50. Rf4 Ra2 51. Kh3 Ra3 52. f3 Rb3 53. g4 hxg4+ 54. Kxg4 Rb5 55. Rf8 Ke7 56. Rc8 Kf6 57. Rc6+ Kg7 58. Re6 Kf7 59. Re3 Kf6 60. f4 Rb1 61. Rh3 Rg1+ 62. Kf3 Ra1 63. Kg4 Rg1+ 64. Rg3 Ra1 65. Kf3 1/2-1/2

[Event "BLR-ch sf"]
[Site "Minsk"]
[Date "2023.12.09"]
[Round "3"]
[White "Shustsikau, Pavel"]
[Black "Kazlou, Petr"]
[Result "1-0"]
[WhiteElo "1544"]
[BlackElo "1302"]
[PlyCount "83"]
[EventDate "2023.12.07"]
[EventType "swiss"]
[EventRounds "9"]
[EventCountry "BLR"]
[SourceTitle "CB51_2023"]
[SourceDate "2023.12.20"]
[SourceVersion "1"]
[SourceVersionDate "2023.12.20"]
[SourceQuality "1"]

1. e4 c6 2. d4 d5 3. exd5 cxd5 4. Bd3 g6 5. Bf4 Bg7 6. c3 Nc6 7. Nf3 Nh6 8. 0-0 f6 9. Re1 0-0 10. c4 e6 11. Nc3 g5 12. Be3 Kh8 13. cxd5 exd5 14. Qb3 Ne7 15. Rac1 Nf7 16. Qc2 h6 17. Na4 Nc6 18. a3 f5 19. g3 Qf6 20. Nc3 Rd8 21. Ne2 Be6 22. h4 f4 23. gxf4 g4 24. Ne5 Ncxe5 25. fxe5 Qxh4 26. Nf4 Nxe5 27. dxe5 Bf7 28. Bd4 g3 29. fxg3 Qxg3+ 30. Ng2 Rac8 31. Qxc8 Rxc8 32. Rxc8+ Bg8 33. Bf5 Qf3 34. Rf1 Qe2 35. Be6 Qd2 36. Rxg8+ Kh7 37. Be3 Qxb2 38. Re8 Bxe5 39. Rf7+ Kg6 40. Rg8+ Bg7 41. Rgxg7+ Qxg7 42. Rxg7+ 1-0